00345nam a2200109 i 4500001000300000245005600003260002100059040000800080041000800088008004100096856009800137bg 0aWybrane zagadnienia obliczeń numerycznych na EMC. aSzczecin,c1987. cBPK apol s pl f |000 0 pol  uhttp://koha.tu.koszalin.pl/cgi-bin/koha/opac-detail.pl?biblionumber=28497yKatalog online BPK